000 00414nam a2200109Ia 4500
008 171204s9999 xx 000 0 und d
245 _aRelational Patterns, Therapeutic Presence: Concepts And Practice Of Integrative Psychotherapy
245 _cRichard G. Erksine
260 _c2015
650 _xPSYCHOLOGICAL COUNSELING AND PSYCHOTHERAPY
856 _uhttp://down.ebook777.com/027/RelPatThePreConAndPraOfIntPsy.pdf
999 _c346502
_d346502